Pays membres de l'OCS - Statistiques

Statistiques générales
  • Ce quiz a été pris 140 fois
  • Le résultat moyen est 14 sur 18
Réponses sur la Carte
Les réponses sont colorées sur une échelle allant du rouge au vert en fonction du pourcentage des utilisateurs qui les ont devinées à leur premier essai. Vous pouvez retrouver ces pourcentages ci-dessous.
 
Statistiques - réponses
Country % Correct
Chine
100%
Russie
99%
Inde
94%
Pakistan
90%
Kazakhstan
88%
Iran
87%
Ouzbékistan
87%
Mongolie
86%
Tadjikistan
86%
Afghanistan
84%
Kirghizistan
79%
Népal
76%
Turquie
59%
Arménie
58%
Azerbaïdjan
55%
Biélorussie
51%
Sri Lanka
51%
Cambodge
48%
Aucun quiz correspondant
Distribution des résultats
% des personnes avec chaque résultat
Percentile par nombre de réponses
Votre historique - résultats
Vous n’avez pas pris ce quiz